(Studio) Balet Praha : nová vlna československé choreografie /

Hlavní autor: Kocourková, Lucie, 1984-
Jazyk: Čeština
Vydáno: Praha : Balet Praha, [2021?]
Vydání: Vydání první
Edice: Studio Balet Praha a Pražský komorní balet - historie a osobnosti
Témata:
Fyzický popis: 237 stran : ilustrace (některé barevné), portréty, faksimile ; 22 cm
Knihy
Uloženo v:
LEADER 02892nam a2200757 i 4500
001 nkc20213364927
003 CZ PrNK
005 20220211090319.0
007 ta
008 211005s2021 xr ach f 000 0dcze
015 |a cnb003364927 
020 |a 978-80-908294-0-4  |q (vázáno) :  |c Kč 359,00 
035 |a (OCoLC)1296109004 
040 |a OLA001  |b cze  |d ABA001  |e rda 
043 |a e-xr---  |b e-xr-pg  |2 czenas 
045 |a x6x7 
072 7 |a 792  |x Divadlo. Divadelní představení  |2 Konspekt  |9 3 
080 |a 792.82.071  |2 MRF 
080 |a 793.32:792.82  |2 MRF 
080 |a 792.027.5  |2 MRF 
080 |a 792.82  |2 MRF 
080 |a 792.82.071.2  |2 MRF 
080 |a (437.311)  |2 MRF 
080 |a (437.3)  |2 MRF 
080 |a (048.8)  |2 MRF 
080 |a (084.12)  |2 MRF 
100 1 |a Kocourková, Lucie,  |d 1984-  |7 hka2011658849  |4 aut 
245 1 0 |a (Studio) Balet Praha :  |b nová vlna československé choreografie /  |c Lucie Kocourková 
246 3 |a Balet Praha 
246 3 0 |a Nová vlna československé choreografie 
250 |a Vydání první 
264 1 |a Praha :  |b Balet Praha,  |c [2021?] 
300 |a 237 stran :  |b ilustrace (některé barevné), portréty, faksimile ;  |c 22 cm 
336 |a text  |b txt  |2 rdacontent 
336 |a statický obraz  |b sti  |2 rdacontent 
337 |a bez média  |b n  |2 rdamedia 
338 |a svazek  |b nc  |2 rdacarrier 
490 1 |a Studio Balet Praha a Pražský komorní balet - historie a osobnosti 
500 |a 500 výtisků 
504 |a Obsahuje bibliografii a bibliografické odkazy 
610 2 7 |a Balet Praha  |7 ko2010536027  |2 czenas 
648 4 |a 1964-1970 
648 7 |a 1961-1970  |7 ch460584  |2 czenas 
648 7 |a 20. století  |7 ch460558  |2 czenas 
650 0 7 |a baletní skupiny  |7 ph168230  |z Česko  |y 1961-1970  |2 czenas 
650 0 7 |a balet  |7 ph118732  |z Česko  |y 1961-1970  |2 czenas 
650 0 7 |a choreografie  |7 ph119191  |z Česko  |y 1961-1970  |2 czenas 
650 0 7 |a baletní inscenace  |7 ph137509  |z Česko  |y 1961-1970  |2 czenas 
650 0 7 |a baletní umělci  |7 ph118733  |z Česko  |y 20. století  |2 czenas 
650 0 9 |a ballet companies  |z Czechia  |y 1961-1970  |2 eczenas 
650 0 9 |a ballet  |z Czechia  |y 1961-1970  |2 eczenas 
650 0 9 |a choreography  |z Czechia  |y 1961-1970  |2 eczenas 
650 0 9 |a ballet productions  |z Czechia  |y 1961-1970  |2 eczenas 
650 0 9 |a ballet artists  |z Czechia  |y 21st century  |2 eczenas 
651 7 |a Praha (Česko)  |7 ge118011  |2 czenas 
651 9 |a Prague (Czechia)  |2 eczenas 
655 7 |a monografie  |7 fd132842  |2 czenas 
655 7 |a fotografické publikace  |7 fd132276  |2 czenas 
655 9 |a monographs  |2 eczenas 
655 9 |a photographical works  |2 eczenas 
830 0 |a Studio Balet Praha a Pražský komorní balet - historie a osobnosti  |0 s 
910 2 |a BOA001  |b 2-1478.010 
990 |a BK 
995 |a 01 
991 |b 202112  |c NOV 
996 6 |b 2610886992  |c 2-1478.010  |l MZK  |r Sklad / do 1 hodiny  |n 1  |p p.v.  |w 001870538  |u 000010  |a 1  |e BOA001  |j MZK50  |s P